LEADER 01065naa a2200229 u 4500 001 000000094083 003 CaOOAMICUS 005 20070226130136.0 008 010730m19921999fr u000 u fre u 035 $a10898896 040 $aPUL(R)$bita 100 1 $aDroz, Georges André Léopold,$d1931-$0(OLS)http://pul/name/60342 245 10$aRegards sur le droit international privé comparé :$bcours général de droit international privé /$cpar Georges A.L. Droz. 260 $a[S. l. :$bs. n.],$c1992-1999. 300 $aP. [1-421] 504 $aBibliografia in nota. 650 4$aDiritto internazionale privato.$0(OLS)http://pul/subject/2921 650 4$aDiritto comparato.$0(OLS)http://pul/subject/489 773 0 $tRecueil des cours$gv.IV (1991) 773 0 $tRecueil des cours 1991 : collected courses of The Hague Academy of International Law$w()60668 996 $6245$aRegards sur le droit international privé comparé :$bcours général de droit international privé$9(OLS)http://pul/title/120939 996 $6260$a[S. l. :$bs. n.]$9(OLS)http://pul/publisher/47882 LEADER 01270nam a2200313 a 4500 001 000000173373 003 CaOOAMICUS 005 20200309124409.0 008 200309s2020 it 000 u ita r 020 $a978-88-308-1715-9 032 $aLibriCat 040 $aPUL$bita 082 04$a243 100 1 $aLeone, Salvino.$0(OLS)http://pul/name/5948 245 10$aBioetica e persona :$bmanuale di bioetica e medical humanieties /$cSalvino Leone. 260 $aAssisi :$bCittadella,$c2020. 300 $a654 p. ;$c21 cm 490 1 $aTeologia. Strumenti 504 $aBibliografia alla fine di ciascun capitolo. 650 4$aBioetica$vManuali.$0(OLS)http://pul/subject/18403 830 0$aTeologia.$pStrumenti.$0(OLS)http://pul/title/45239 850 $aPUL 852 $aPUL$W1$xSL Religione 3$y85$m230 COLL 15.29$j197367$qDDC 21$B202150$CPULBib$Z2$F202150 $H134224 $82 941 1 $a9 996 $6020$a978-88-308-1715-9$9(OLS)http://pul/number/167380 996 $6082$a243$9(OLS)http://pul/classification/593 996 $6245$aBioetica e persona :$bmanuale di bioetica e medical humanieties$9(OLS)http://pul/title/214538 996 $6260$aAssisi :$bCittadella$9(OLS)http://pul/publisher/49668